000 00757nam a2200301Ia 4500
008 171120s9999 xx 000 0 und d
020 _a753405237
050 _a598
050 _bO999 1993
100 _aO'Neill, Amanda
245 _aI wonder why vultures are bald :
245 _band other questions about birds /
245 _cby Amanda O'Neill.
260 _aLondon :
260 _bKingfisher,
260 _c1993
300 _a32 pages :
300 _bcolor illustrations ;
300 _c29cm.
440 _aI wonder why.
650 _aBirds --
650 _aBirds --
650 _aQuestions and answers.
650 _xMiscellanea -- Juvenile literature.
650 _xMiscellanea.
700 _aSeries.
700 _aTitle.
999 _c344968
_d344968